01575 a2200217 45000010006000000050017000060080041000230030015000640400040000790800135001192450091002540200018003452640032003633000026003955050756004210410008011771000024011857000027012097000022012368560099012584978320260407155758.0260407a1996 arg spa dAR-UNSa-BCEJYS aAR-UNSa-BCEJYSbspacAR-UNSa-BCEJYS a504.064xControl de la calidad del medio ambiente. Control de la contaminación (Tratamiento de desechos( residuos). Reciclaje ) 10aGestión de residuos tóxicosptratamiento, eliminación y recuperación de suelos a84-481-0712-8 1aMadrid :bMcGraw-Hillc1996 axxix, 1316 p.c25 cm. aPARTE I: Fundamentos: 1. Residuos tóxicos - 2. El procedimiento regulador - 3. Procesos fundamentales - 4. Destino y transporte de sustancias contaminantes - 5. Toxicología - PARTE II: Prácticas habituales de gestión: 6. Auditorias medioambientales - 7. Prevención de la contaminación - 8. Desarrollo y operatividad de las instalaciones - PARTE III: Métodos de tratamiento y eliminación - 10. Métodos biológicos - 11. Estabilización y solidificación - 12. Métodos térmicos - 13. Disposición en el terreno - PARTE IV: Recuperación del emplazamiento: 14. Valoración cuantitativa del riesgo - 15. Caracterización del emplazamiento y del subsuelo - 16. Confinamiento - 17. Análisis de alternativas de recuperación.  aspa1 aLaGrega, Michael D.1 aBuckingham, Phillip L.1 aEvans, Jeffrey C.41uhttps://www.biblioeco.unsa.edu.ar/pmb/images/libros/L128174.jpgyImagen de portadaqimage/jpeg